日本史年号<平安時代> - Statistics

General Stats
  • This quiz has been taken 27 times
  • The average score is 8 of 21
Answer Stats
出来事 年号 % Correct
平安京遷都 794
96%
壇ノ浦の戦い・平氏滅亡 1185
62%
平城太上天皇の変 810
58%
保元の乱 1156
46%
義仲入京 1183
46%
平治の乱 1159
42%
平清盛、太政大臣に 1167
42%
以仁王の令旨・福原遷都 1180
42%
院政開始 1086
38%
平将門の乱・藤原純友の乱 939
38%
刀伊の入寇 1019
35%
承和の変 842
35%
応天門の変 866
35%
遣唐使派遣中止 891
35%
延喜の荘園整理令 902
35%
阿衡の紛議 888
27%
平忠常の乱 1028
23%
前九年合戦開始 1051
23%
古今和歌集成立 905
23%
安和の変 969
23%
後三年合戦開始 1083
19%
No matching quizzes found
Score Distribution
Percent of People with Each Score
Percentile by Number Answered
Your Score History
You have not taken this quiz